Music Quiz

Random Music or Rock Quiz

Which Band Member? III Quiz Stats

 Plays Quiz not verified by Sporcle

Score 0/20 Timer 04:00
0 Plays Today
Question Answer Wrong Answers
Which Jackson 5 member is Michael Jackson? Michael Jackson
96.2%
Jermaine Jackson
0.8%
Marlon Jackson
1.4%
Jackie Jackson
0.3%
Which Sonny & Cher member is Cher? Cher
95.3%
Sonny Bono
3.3%
Which Maroon 5 member is Adam Levine? Adam Levine
94.3%
Jesse Carmichael
1.6%
Mickey Madden
1.5%
Matt Flynn
1.2%
Which Foo Fighters member is Dave Grohl? Dave Grohl
92.7%
Pat Smear
1.1%
Nate Mendel
1.6%
Taylor Hawkins
3.2%
Which Wham! member is Andrew Ridgeley? Andrew Ridgeley
90.3%
George Michael
8.2%
Which Fleetwood Mac member is Stevie Nicks? Stevie Nicks
87.4%
Mick Fleetwood
3.3%
John McVie
4.5%
Christine McVie
3.3%
Which Genesis member is Phil Collins? Phil Collins
82%
Tony Banks
9.9%
Mike Rutherford
6.7%
Which Gnarls Barkley member is Danger Mouse? Danger Mouse
79.8%
CeeLo Green
18.6%
Which Hall & Oates member is Daryl Hall? Daryl Hall
74.7%
John Oates
23.5%
Which Who member is Keith Moon? Keith Moon
73.6%
Roger Daltrey
6.8%
John Entwistle
6.5%
Pete Townshend
11.7%
Which E Street Band member is Steven Van Zandt? Steven Van Zandt
71%
Max Weinberg
8.7%
Roy Bittan
11.6%
Bruce Springsteen
6.8%
Which Creedence Clearwater Revival member is John Fogerty? John Fogerty
70.9%
Tom Fogerty
14.1%
Stu Cook
7.5%
Doug Clifford
5.7%
Which Killers member is Brandon Flowers? Brandon Flowers
69.1%
Mark Stoermer
12.8%
Ronnie Vannucci Jr.
7.3%
Dave Keuning
9%
Which Metallica member is Lars Ulrich? Lars Ulrich
64.5%
James Hetfield
20.6%
Kirk Hammett
8.7%
Robert Trujillo
4.5%
Which Oasis member is Liam Gallagher? Liam Gallagher
60.7%
Noel Gallagher
27.8%
Tony McCarroll
3.5%
Paul Arthurs
6.3%
Which Arctic Monkeys members is Alex Turner? Alex Turner
60.1%
Jamie Cook
14.1%
Nick O'Malley
13.3%
Matt Helders
10.6%
Which Pink Floyd member is Roger Waters? Roger Waters
59.2%
David Gilmour
19.1%
Richard Wright
14.1%
Nick Mason
5.9%
Which Dixie Chicks member is Natalie Maines? Natalie Maines
57.8%
Emily Erwin Robison
21.4%
Martie Erwin Maguire
18.9%
Which Bachman-Turner Overdrive member is Randy Bachman? Randy Bachman
51.5%
Robbie Bachman
11.6%
Fred Turner
17.3%
Blair Thornton
17.5%
Which Beach Boys member is Brian Wilson? Brian Wilson
36%
Carl Wilson
23.4%
Al Jardine
25.4%
Dennis Wilson
13.5%

You're not logged in!

Compare scores with friends on all Sporcle quizzes.
OR
Log In

Show Comments

Extras

Top Quizzes Today


Score Distribution

Your Account Isn't Verified!

In order to create a playlist on Sporcle, you need to verify the email address you used during registration. Go to your Sporcle Settings to finish the process.

Report this User

Report this user for behavior that violates our Community Guidelines.

Details: